| 000 | 00417nam a2200133Ia 4500 | ||
|---|---|---|---|
| 008 | 220217s9999 xx 000 0 und d | ||
| 245 | 0 | _aTesting of carbon blacks. Determination of the bulk density of palletized carbon blacks for use in the rubber industry | |
| 260 | _c1976 | ||
| 500 | _aStandard number: DIN 53 600 | ||
| 650 | _aBulk density | ||
| 650 | _aCarbon black | ||
| 650 | _aRubber industry | ||
| 942 | _cST | ||
| 999 |
_c73371 _d73371 |
||